Statistics for One Direction Songs

Click here to take the quiz!

General Stats

  • This quiz has been taken 1,183 times
  • The average score is 11 of 15

Answer Stats

HintAnswer% Correct
Let's go crazy, crazy, crazy till we see the sun.....Live While were young
96%
Shot me out of the sky, You're my kryptonite....One Thing
96%
You cant go to bed without a cup of tea......Little Things
91%
Do you remember summer O9 wanna go back there every timeRock Me
87%
If only you saw what I can see, You'll understand why I want you so desperately.....What Makes You Beautiful
86%
When he opens his arms and holds you close tonight, it just wont feel rightMore Than This
80%
You've got everything you need but you want accesories.....I Want
74%
And if you, you want me to, lets make a moveKiss You
71%
You know I'll be your life your voice, your reason to be......Moments
67%
Can we fall one more time? stop the tape and rewind?Gotta Be You
64%
Baby I I wanna know, what you think when your alone, is it me yeah? are you thinking of me yeah?Last First Kiss
60%
I find your lips so kissable and your kiss unmissable, your fingertips so touchable and your eyes......Irresistible
54%
She sneaks out in the middle of the night yeah.......She's Not Afraid
54%
He takes yor hand I die a little.....I Wish
53%
Is Your Heart taken? Is there somebody else in your mind?I Should have Kissed You
28%

Score Distribution

Percentile by Number Answered

Percent of People with Each Score

Your Score History

You have not taken this quiz